[Event "Niedersachsen-ch Girls"]
[Site "Rotenburg"]
[Date "2009.04.09"]
[Round "8"]
[White "Schnieders, Marina"]
[Black "Grigorian, Satenik"]
[Result "0-1"]
[WhiteElo "777"]
[BlackElo "998"]
[PlyCount "98"]
[EventDate "2009.04.04"]
[EventType "swiss"]
[EventRounds "9"]
[EventCountry "GER"]
[SourceTitle "EXT 2010"]
[Source "ChessBase"]
[SourceDate "2010.11.25"]
[SourceVersion "1"]
[SourceVersionDate "2010.11.25"]
[SourceQuality "1"]

1. e4 e5 2. Nf3 Nc6 3. d4 exd4 4. Bc4 Be7 5. Nxd4 Nf6 6. Nc3 Bb4 7. Bg5 Ne5 8. Bb5 Bxc3+ 9. bxc3 a6 10. Ba4 b5 11. Bb3 c5 12. Bd5 Rb8 13. Nf5 0-0 14. Bf4 d6 15. Rb1 Bb7 16. Bxb7 Rxb7 17. c4 Nxc4 18. Qf3 Qa5+ 19. c3 Ne5 20. Bxe5 dxe5 21. Qg3 g6 22. Nd6 Re7 23. 0-0 Rd8 24. Rfd1 Qc7 25. Nf5 Nxe4 26. Nxe7+ Qxe7 27. Rxd8+ Qxd8 28. Qg4 f5 29. Qh3 Qd2 30. c4 Qxf2+ 31. Kh1 Qxa2 32. Qd3 Nf2+ 33. Kg1 Nxd3 34. Rd1 Qf2+ 35. Kh1 b4 36. h3 Qe1+ 37. Rxe1 Nxe1 38. Kg1 b3 39. Kf1 Nxg2 40. Kxg2 b2 41. Kg3 b1Q 42. Kf3 Qe4+ 43. Kf2 f4 44. h4 Qe3+ 45. Kg2 Qg3+ 46. Kf1 e4 47. Ke2 f3+ 48. Ke3 f2+ 49. Kxe4 f1R 0-1

[Event "Niedersachsen-ch op"]
[Site "Verden"]
[Date "2009.01.05"]
[Round "6"]
[White "Laubrock, Paul"]
[Black "Grigorian, Satenik"]
[Result "1-0"]
[WhiteElo "855"]
[BlackElo "1063"]
[PlyCount "21"]
[EventDate "2009.01.03"]
[EventType "swiss"]
[EventRounds "7"]
[EventCountry "GER"]
[SourceTitle "EXT 2012"]
[Source "ChessBase"]
[SourceDate "2011.11.24"]
[SourceVersion "1"]
[SourceVersionDate "2011.11.24"]
[SourceQuality "1"]

1. d4 Nf6 2. Bf4 c5 3. e3 Qb6 4. Nc3 Nc6 5. Nf3 d6 6. Bd3 cxd4 7. exd4 Nxd4 8. Nxd4 Qxd4 9. Bb5+ Bd7 10. Bxd7+ Nxd7 11. Qxd4 1-0

[Event "Niedersachsen-ch"]
[Site "Verden"]
[Date "2008.01.03"]
[Round "2"]
[White "Grigorian, Satenik"]
[Black "Schneider, Waldemar"]
[Result "0-1"]
[WhiteElo "1013"]
[BlackElo "1577"]
[PlyCount "46"]
[EventDate "2008.01.03"]
[EventType "swiss"]
[EventRounds "7"]
[EventCountry "GER"]
[SourceTitle "EXT 2010"]
[Source "ChessBase"]
[SourceDate "2010.11.25"]
[SourceVersion "1"]
[SourceVersionDate "2010.11.25"]
[SourceQuality "1"]

1. d4 d5 2. Nf3 e6 3. Bf4 Nd7 4. e3 c5 5. c3 Ngf6 6. Be2 Be7 7. Nbd2 0-0 8. Bd3 c4 9. Bc2 b5 10. Qb1 g6 11. b3 Nh5 12. Bg3 Qa5 13. Qb2 Ba3 14. Qb1 Qxc3 15. bxc4 Bb2 16. 0-0 Bxa1 17. cxd5 Nxg3 18. hxg3 Nf6 19. Ne4 Nxe4 20. Bxe4 f5 21. Rc1 Qb2 22. Qxa1 Qxa1 23. Rxa1 fxe4 0-1

[Event "Niedersachsen-ch"]
[Site "Verden"]
[Date "2008.01.03"]
[Round "1"]
[White "Zucker, Stefan"]
[Black "Grigorian, Satenik"]
[Result "1-0"]
[WhiteElo "1718"]
[BlackElo "1013"]
[PlyCount "53"]
[EventDate "2008.01.03"]
[EventType "swiss"]
[EventRounds "7"]
[EventCountry "GER"]
[SourceTitle "EXT 2010"]
[Source "ChessBase"]
[SourceDate "2010.11.25"]
[SourceVersion "1"]
[SourceVersionDate "2010.11.25"]
[SourceQuality "1"]

1. d4 d5 2. c4 Nf6 3. g3 Nc6 4. Bg2 e5 5. dxe5 Nxe5 6. cxd5 Bb4+ 7. Nc3 b6 8. Qa4+ Qd7 9. Qxb4 Bb7 10. Bg5 c5 11. Qb5 Qxb5 12. Nxb5 0-0-0 13. Bxf6 gxf6 14. Nxa7+ Kc7 15. Nb5+ Kb8 16. 0-0-0 Ng4 17. Nh3 Rhe8 18. e4 Bc8 19. Rd3 Ne5 20. Ra3 Bxh3 21. Bxh3 Nc4 22. Ra4 Rxe4 23. Bg2 Rd4 24. Nxd4 cxd4 25. Rxc4 Rc8 26. Rxc8+ Kxc8 27. Kd2 1-0

[Event "Niedersachsen-ch U16/18 Girls"]
[Site "Rotenburg/Wuemme"]
[Date "2007.04.03"]
[Round "5"]
[White "Grigorian, Satenik"]
[Black "Henseler, Jasmin"]
[Result "0-1"]
[WhiteElo "822"]
[BlackElo "1393"]
[PlyCount "64"]
[EventDate "2007.03.31"]
[EventType "swiss"]
[EventRounds "9"]
[EventCountry "GER"]
[SourceTitle "EXT 2008"]
[Source "ChessBase"]
[SourceDate "2007.11.25"]
[SourceVersion "1"]
[SourceVersionDate "2007.11.25"]
[SourceQuality "1"]

1. e4 e5 2. Nf3 Nc6 3. Bc4 Bc5 4. 0-0 Nf6 5. d4 Bxd4 6. Nxd4 Nxd4 7. c3 Nc6 8. Re1 d6 9. h3 Qe7 10. Bg5 h6 11. Bh4 Be6 12. Nd2 g5 13. Bg3 0-0-0 14. Qb3 h5 15. h4 Rdg8 16. Nf3 Nh7 17. Rad1 Rg6 18. Re3 Rhg8 19. Qa4 Bxc4 20. Qxc4 Qd7 21. Qd5 gxh4 22. Nxh4 Nf6 23. Qd2 Rg5 24. Bh2 Rg4 25. Nf3 Nxe4 26. Qe2 Rxg2+ 27. Kh1 Nxf2+ 28. Qxf2 Rxf2 29. Nd2 Qg4 30. Rg3 Rxh2+ 31. Kxh2 Qxg3+ 32. Kh1 Qg2# 0-1